Price discrimination via second-hand markets

Na minha lista:
Detalhes bibliográficos
Autor principal: Anderson, Simon P.
Outros Autores: Ginsburgh, Victor A.
Formato: Livro
Idioma:inglês
Publicado em: Praha CERGE 1992
Colecção:Working paper series Working paper no. 16
Assuntos:
Tags: Adicionar Tag
Sem tags, seja o primeiro a adicionar uma tag!

MARC

LEADER 00000nam a2200000 4500
001 c101178
005 20221123102305.0
041 0 |a eng 
044 |a CZ 
245 1 0 |a Price discrimination via second-hand markets  |c Simon P. Anderson and Victor A. Ginsburgh 
264 1 |a Praha  |b CERGE  |c 1992 
300 |a 20 s. 
490 1 |a Working paper series  |v Working paper no. 16 
830 0 |a Working paper series  |v Working paper no. 16 
610 2 0 |a trh 
610 2 0 |a tovar partiový 
610 2 0 |a monopoly 
610 2 0 |a diskriminácia obchodná 
610 2 0 |a ceny 
610 2 0 |a náklady 
610 2 0 |a produkty 
610 2 0 |a modely 
610 2 0 |a segmentácia trhu 
100 1 |a Anderson, Simon P. 
700 1 |a Ginsburgh, Victor A.